000 00359nam a22001217a 4500
050 _aQA 107.2
_b.J67 2010
100 _aJordan, Bill E.
245 _aIntegrated arithmetic and basic algebra
_cBill E. Jordan, William P. Palow.
260 _aBoston :
_bPearson,
_c 2010
650 _bArithmetic.
_v Algebra.
700 _aPalow, William P.
942 _2lcc
_cGEN
999 _c8757
_d8757